[Event "Oberliga Nord O 1718"]
[Site "Germany"]
[Date "2017.10.08"]
[Round "1.8"]
[White "Kohn, Thomas2222"]
[Black "Neumann, Karsten"]
[Result "1-0"]
[WhiteElo "1960"]
[BlackElo "1780"]
[PlyCount "91"]
[EventDate "2017.10.08"]
[EventType "team-tourn"]
[EventRounds "9"]
[EventCountry "GER"]
[SourceTitle "EXT 2019"]
[Source "ChessBase"]
[SourceDate "2018.10.10"]
[SourceVersion "1"]
[SourceVersionDate "2018.10.10"]
[SourceQuality "1"]
[WhiteTeam "Stralsund"]
[BlackTeam "Neuruppin"]
[WhiteTeamCountry "GER"]
[BlackTeamCountry "GER"]

1. Nf3 d5 2. c4 Nf6 3. d4 g6 4. Nc3 Bg7 5. cxd5 Nxd5 6. e4 Nxc3 7. bxc3 0-0 8. Ba3 b6 9. Qc2 c6 10. Be2 a5 11. 0-0 Ba6 12. Rfd1 Bxe2 13. Qxe2 Qc7 14. Rab1 Re8 15. c4 Nd7 16. Qe3 Rab8 17. e5 e6 18. Bd6 Qa7 19. Bxb8 Rxb8 20. a4 Qc7 21. Re1 c5 22. d5 exd5 23. cxd5 Nxe5 24. Nxe5 Re8 25. f4 f6 26. d6 Qxd6 27. Qb3+ Re6 28. Nf3 c4 29. Qxc4 Qc5+ 30. Qxc5 Rxe1+ 31. Rxe1 bxc5 32. Rc1 Bf8 33. Rc4 Kf7 34. Nd2 Ke6 35. Nb3 Kd5 36. Nxa5 Bd6 37. Rc2 Bxf4 38. Kf2 Be5 39. Nc4 Bd4+ 40. Ke2 f5 41. Kd3 f4 42. Nb6+ Kc6 43. a5 Be3 44. Kc4 h5 45. Nd5 Bg1 46. Nxf4 1-0

[Event "Friedrichroda op 12th"]
[Site "Friedrichroda"]
[Date "2008.08.09"]
[Round "6"]
[White "Neumann, Karsten"]
[Black "Winter, Kathrin"]
[Result "1-0"]
[WhiteElo "1690"]
[BlackElo "1486"]
[PlyCount "59"]
[EventDate "2008.08.06"]
[EventType "swiss"]
[EventRounds "7"]
[EventCountry "GER"]
[SourceTitle "CBM 126 Extra"]
[Source "ChessBase"]
[SourceDate "2008.11.05"]
[SourceVersion "1"]
[SourceVersionDate "2008.11.05"]
[SourceQuality "1"]
[WhiteTeam "Attikis Aspropirgos (W)"]
[BlackTeam "Attikis Aspropirgos (W)"]
[WhiteTeamCountry "GRE"]
[BlackTeamCountry "GRE"]

1. Nf3 Nf6 2. d4 d5 3. c4 c6 4. cxd5 cxd5 5. Nc3 Nc6 6. Bf4 g6 7. e3 a6 8. Bd3 Bg7 9. 0-0 Bg4 10. h3 Bxf3 11. Qxf3 0-0 12. Bg5 e6 13. Rad1 h6 14. Bh4 g5 15. Bg3 Nd7 16. Qe2 Rc8 17. f4 f5 18. Qh5 Qe8 19. Qf3 Qg6 20. fxg5 hxg5 21. Bd6 Rf7 22. Nxd5 e5 23. dxe5 Ndxe5 24. Bxe5 Nxe5 25. Qe2 Nxd3 26. Qxd3 Bxb2 27. Rxf5 Rcf8 28. Ne7+ Rxe7 29. Rxf8+ Kg7 30. Rg8+ 1-0

[Event "Friedrichroda op 12th"]
[Site "Friedrichroda"]
[Date "2008.08.09"]
[Round "5"]
[White "Stiefel, Marika"]
[Black "Neumann, Karsten"]
[Result "0-1"]
[WhiteElo "1276"]
[BlackElo "1690"]
[PlyCount "64"]
[EventDate "2008.08.06"]
[EventType "swiss"]
[EventRounds "7"]
[EventCountry "GER"]
[SourceTitle "CBM 126 Extra"]
[Source "ChessBase"]
[SourceDate "2008.11.05"]
[SourceVersion "1"]
[SourceVersionDate "2008.11.05"]
[SourceQuality "1"]
[WhiteTeam "Attikis Aspropirgos (W)"]
[BlackTeam "Attikis Aspropirgos (W)"]
[WhiteTeamCountry "GRE"]
[BlackTeamCountry "GRE"]

1. e4 c5 2. Nf3 e6 3. d4 cxd4 4. Nxd4 a6 5. Bd3 Qc7 6. 0-0 b5 7. Be3 Bb7 8. f4 d6 9. Nd2 Nd7 10. N2b3 Nb6 11. Na5 Nc4 12. Bxc4 Bxe4 13. Bxe6 fxe6 14. Nab3 Qf7 15. Nd2 Bd5 16. Rf2 Nf6 17. N2f3 h6 18. Nd2 Be7 19. Qe2 0-0 20. c4 bxc4 21. Nxc4 Rab8 22. b3 Ne4 23. Rff1 Bf6 24. Nd2 Nxd2 25. Qxd2 Rfc8 26. Rae1 Qb7 27. g4 Rc7 28. g5 Bxd4 29. Bxd4 Rbc8 30. f5 Rc2 31. Qa5 Rg2+ 32. Kh1 Rxg5+ 0-1

[Event "Friedrichroda op 12th"]
[Site "Friedrichroda"]
[Date "2008.08.08"]
[Round "4"]
[White "Neumann, Karsten"]
[Black "Krutsch, Thomas"]
[Result "1/2-1/2"]
[WhiteElo "1690"]
[BlackElo "1433"]
[PlyCount "55"]
[EventDate "2008.08.06"]
[EventType "swiss"]
[EventRounds "7"]
[EventCountry "GER"]
[SourceTitle "CBM 126 Extra"]
[Source "ChessBase"]
[SourceDate "2008.11.05"]
[SourceVersion "1"]
[SourceVersionDate "2008.11.05"]
[SourceQuality "1"]
[WhiteTeam "Attikis Aspropirgos (W)"]
[BlackTeam "Attikis Aspropirgos (W)"]
[WhiteTeamCountry "GRE"]
[BlackTeamCountry "GRE"]

1. d4 c6 2. c4 d5 3. cxd5 cxd5 4. Nf3 Nc6 5. Nc3 Nf6 6. Bf4 a6 7. e3 Bg4 8. Be2 e6 9. 0-0 Bd6 10. Bxd6 Qxd6 11. a3 b5 12. h3 Bh5 13. b4 Rc8 14. Qb3 Na7 15. Rfe1 0-0 16. Ne5 Bxe2 17. Rxe2 Qc7 18. Rc1 Nd7 19. Nxd7 Qxd7 20. Rec2 Rc4 21. Ne2 Rfc8 22. Nf4 Qc7 23. Rxc4 bxc4 24. Qb2 Rb8 25. Nd3 Qb6 26. Nc5 Qb5 27. Rb1 a5 28. Qc3 1/2-1/2